| 000 | 01201 a2200193 4500 | ||
|---|---|---|---|
| 020 | _a0070595518 (hardcover) | ||
| 020 | _a9780070595514 (hardcover) | ||
| 082 | 0 | 4 | _a658.4013 |
| 090 |
_c5442 _d5442 |
||
| 100 | 1 | _aSoin, Sarv. | |
| 245 | 1 | 0 |
_aTotal quality essentials / _cSarv Soin, Sarv Singh Soin. |
| 250 | _a2nd ed. | ||
| 260 |
_a[S.l.] : _bMcGraw-Hill Professional, _c1998. |
||
| 300 |
_a362 p. ; _c24 cm. |
||
| 520 | _aA revision of a popular guide to the key points of total quality control explained clearly and concisely for busy engineers and managers. It not only describes the significant elements of TQC, but also presents step-by-step instructions for starting, managing, and maintaining a TQC program. For those already using TQC, the book tells how to analyze a company's current capabilities--and improve them. The focus of this edition will be on the utilization of tools, techniques, and ideas for total quality creation--making the future happen, creating dependable processes and products, and maximizing efficiency. | ||
| 700 | 1 | _aSoin, Sarv Singh. | |
| 856 | 4 | 0 |
_3Amazon.com _uhttp://www.amazon.com/exec/obidos/ASIN/0070595518/chopaconline-20 |
| 942 |
_aNBS _cBK _k658.4013 SOI |
||
| 999 |
_c347850 _d347850 |
||